Digital Financial Literacy Matters

Bibliográfiai részletek
Szerző: Bábosik Mária
Dokumentumtípus: Könyv része
Megjelent: Budapesti Gazdaságtudományi Egyetem Budapest 2026
Sorozat:Futures in the making - Developing and adapting futures in business – BUEB Day of Hungarian Science 2024
Tárgyszavak:
doi:10.29180/978-615-6886-25-5_1

Kulcsszavak:Digitalization
financial literacy
digital literacy
digital financial literacy
FinTech
statistical methods
Online Access:http://publikaciotar.uni-bge.hu/2617

MARC

LEADER 00000naa a2200000 i 4500
001 publ2617
005 20260313111722.0
008 260313s2026 hu o 000 zxx d
020 |a 978-615-6886-25-5 
024 |a 10.29180/978-615-6886-25-5_1  |2 doi 
040 |a BGE Publikációtár Repozitórium  |b hun 
100 1 |a Bábosik Mária 
245 1 0 |a Digital Financial Literacy Matters  |c Bábosik Mária  |h [elektronikus dokumentum] 
260 |a Budapesti Gazdaságtudományi Egyetem  |b Budapest  |c 2026 
300 |a 1-17 
490 0 |a Futures in the making - Developing and adapting futures in business – BUEB Day of Hungarian Science 2024 
650 4 |a közgazdaságtudományok 
695 |a Digitalization 
695 |a financial literacy 
695 |a digital literacy 
695 |a digital financial literacy 
695 |a FinTech 
695 |a statistical methods 
856 4 0 |u https://publikaciotar.uni-bge.hu/id/eprint/2617/1/MTU%202024%20-%20Full%20edition%20proofread_CorrBM_2026.02.26_1.pdf  |z Dokumentum-elérés